• 首页
  • 本馆介绍
  • 公告通知
  • 最新文献
  • 馆藏检索
  • 电子资源
  • 读者导购
  • 参考咨询
  • 我的图书馆
  • 登录
  • 详细信息显示
  • 放入我的书架
  • 预约/预借图书
  • 作者相关作品
  • 分类相关作品
  • 丛书相关作品
  • 出版社相关作品

书目信息

  • 表格格式
  • 工作单格式
  • 卡片格式
题名:
纳米纤维静电纺丝
    
 
作者: 杨卫民 编著
分册:  
出版信息: 北京   化学工业出版社  2021.4
页数: 217页
开本: 24cm
丛书名: 纳米材料前沿
单 册:
中图分类: TQ340.64
科图分类:
主题词: 纳米材料--静电--纺丝--研究
电子资源:
ISBN: 978-7-122-30469-8
000 01230nam0 2200313 45
001 012001000704
005 20130911171415.0
010    @a978-7-122-30469-8@b精装@dCNY88.00
100    @a20180604d2018 em y0chiy50 ea
101 0  @achi
102    @aCN@b110000
105    @aa z 001yy
106    @ar
200 1  @a纳米纤维静电纺丝@Ana mi xian wei jing dian fang si@b专著@dElectrospinning of nanofibers@f杨卫民[等]编著@zeng
210    @a北京@c化学工业出版社@d2021.4
215    @a217页@c图@d24cm
225 1  @a纳米材料前沿
300    @a国家出版基金项目“十三五”国家重点出版物出版规划项目
300    @a并列题名:Electrospinning of nanofibers
304    @a编著者还有:李好义、阎华、吴昌政
330    @a本书依据作者研究团队以及国内外纳米纤维静电纺丝的最新研究进展,从工艺角度出发,着重介绍了熔体静电纺丝技术的原理、建模及工艺进展,并介绍了熔体静电纺丝的工业化技术及应用,最后对聚合物纳米静电纺丝技术的未来进行了展望。
410  0 @12001 @a纳米材料前沿
461  0 @12001 @a纳米材料前沿
510 1  @aElectrospinning of nanofibers@zeng
606 0  @a纳米材料@x静电@x纺丝@x研究
690    @aTQ340.64@v5
701  0 @a杨卫民@Ayang wei min@4编著
801  0 @aCN@bBJSDL@c20211011
905    @b1335733-6@dTQ340.64@e34@f4
    
    纳米纤维静电纺丝=Electrospinning of nanofibers/杨卫民[等]编著.-北京:化学工业出版社,2021.4
    217页:图;24cm.-(纳米材料前沿)
    国家出版基金项目“十三五”国家重点出版物出版规划项目.-并列题名:Electrospinning of nanofibers
    
    ISBN 978-7-122-30469-8(精装):CNY88.00
    本书依据作者研究团队以及国内外纳米纤维静电纺丝的最新研究进展,从工艺角度出发,着重介绍了熔体静电纺丝技术的原理、建模及工艺进展,并介绍了熔体静电纺丝的工业化技术及应用,最后对聚合物纳米静电纺丝技术的未来进行了展望。
●
相关链接 在E读中查询图书 在五车中查询图书 在当当中查询图书 在豆瓣中查询图书


正题名:纳米纤维静电纺丝     索取号:TQ340.64/34         预约/预借

序号 登录号 条形码 馆藏地/架位号 状态 备注
1 1335733   213357339   第二样本阅览室/ [索取号:TQ340.64/34] 在馆    
2 1335734   213357348   第三借阅区/ [索取号:TQ340.64/34] 在馆    
3 1335735   213357357   第三借阅区/ [索取号:TQ340.64/34] 在馆    
4 1335736   213357366   第三借阅区/ [索取号:TQ340.64/34] 在馆    
唐山师范学院图书馆 欢迎您!
大连网信软件有限公司© 版权所有